Gaming Quiz

Random Gaming Quiz

League of Legends Champions List Quiz Stats

 Plays Quiz not verified by Sporcle

Score 0/63 Timer 08:00
0 Plays Today
Names % Correct
Annie
91.6%
Anivia
90.7%
Ashe
90.7%
Akali
89.7%
Shen
88.8%
Alistar
86.9%
Amumu
86%
Cho'Gath
85%
Garen
84.1%
Teemo
81.3%
Gangplank
80.4%
Katarina
80.4%
Miss Fortune
80.4%
Blitzcrank
79.4%
Dr. Mundo
79.4%
Warwick
79.4%
Sona
78.5%
Corki
77.6%
Kennen
77.6%
Soraka
77.6%
Kassadin
76.6%
Lux
76.6%
Nunu
76.6%
Zilean
75.7%
Jax
74.8%
Kog'Maw
74.8%
Twitch
74.8%
Kayle
73.8%
Malzahar
73.8%
Evelynn
72.9%
Master Yi
72.9%
Ryze
72.9%
Names % Correct
Shaco
72.9%
Udyr
72.9%
Urgot
72.9%
Xin Zhao
72.9%
Ezreal
72%
Galio
72%
Heimerdinger
72%
Janna
72%
Vladimir
71%
Fiddlesticks
70.1%
Karthus
70.1%
Malphite
70.1%
Taric
70.1%
Nasus
69.2%
Nidalee
69.2%
Olaf
69.2%
Poppy
69.2%
Rammus
69.2%
Morgana
68.2%
Singed
68.2%
Tristana
68.2%
LeBlanc
67.3%
Swain
67.3%
Sion
66.4%
Twisted Fate
65.4%
Tryndamere
64.5%
Pantheon
63.6%
Veigar
63.6%
Mordekaiser
62.6%
Sivir
61.7%
Gragas
57%

You're not logged in!

Compare scores with friends on all Sporcle quizzes.
OR
Log In

Show Comments

Extras

Top Quizzes Today


Score Distribution

Your Account Isn't Verified!

In order to create a playlist on Sporcle, you need to verify the email address you used during registration. Go to your Sporcle Settings to finish the process.

Report this User

Report this user for behavior that violates our Community Guidelines.

Details: